Green Homes Service (Record no. 120636)

MARC details
000 -LEADER
fixed length control field 01010cai a22001815a 4500
001 - CONTROL NUMBER
control field L141516
008 - FIXED-LENGTH DATA ELEMENTS--GENERAL INFORMATION
fixed length control field 071128u xxk g 000 0 eng d
035 ## - SYSTEM CONTROL NUMBER
System control number (Sirsi) u141516
041 0# - LANGUAGE CODE
Language code of text/sound track or separate title eng
110 2# - MAIN ENTRY--CORPORATE NAME
Corporate name or jurisdiction name as entry element Energy Saving Trust
9 (RLIN) 1191
245 00 - TITLE STATEMENT
Title Green Homes Service
Medium [electronic resource]
520 ## - SUMMARY, ETC.
Summary, etc. The government's Green Homes Services offers a choice of paid-for services to help the public make their homes greener by installing energy efficiency and renewables technologies. The service includes a home energy audit, a personalised environmental action plan, deals from energy companies, and access to grants, loans and financial packages. Website provides access to a carbon dioxide calculator.
590 ## - LOCAL NOTE (RLIN)
Local note KA
651 #4 - SUBJECT ADDED ENTRY--GEOGRAPHIC NAME
Geographic name United Kingdom
Chronological subdivision
690 ## - LOCAL SUBJECT ADDED ENTRY--TOPICAL TERM (OCLC, RLIN)
Topical term or geographic name as entry element ENVIRONMENTAL AND LAND CONSULTANCY-ENERGY-ENERGY USE-ENERGY EFFICIENCY
856 40 - ELECTRONIC LOCATION AND ACCESS
Uniform Resource Identifier <a href="https://www.energysavingtrust.org.uk/help_and_support/green_homes_service">https://www.energysavingtrust.org.uk/help_and_support/green_homes_service</a>
Public note View the website free of charge at ww.energysavingtrust.org.uk...
942 ## - ADDED ENTRY ELEMENTS (KOHA)
Suppress in OPAC 0
Holdings
Withdrawn status Lost status Source of classification or shelving scheme Damaged status Not for loan Home library Current library Shelving location Date acquired Total Checkouts Full call number Barcode Date last seen Copy number Price effective from Koha item type
    Dewey Decimal Classification     Virtual Virtual Online 28/11/2007   WEB SITE 141516-2001 06/08/2019 1 06/08/2019 Online material